| 000 | 00595 a2200193 4500 | ||
|---|---|---|---|
| 999 |
_c7878 _d7878 |
||
| 003 | GBCCL | ||
| 005 | 20241126110638.0 | ||
| 008 | 181018b ||||| |||| 00| 0 eng d | ||
| 020 | _a9789385756313 | ||
| 040 | _cgbc | ||
| 082 |
_a375.0083 _bPRO |
||
| 245 |
_aProtection of forest for sustainable development in Manipur / _cedited by Ginneihching Simte and others |
||
| 260 |
_aMeerut : _bBalaji publications, _c2018 |
||
| 300 | _a221p. ; | ||
| 650 |
_aEnvironmental law _zIndia. _913744 |
||
| 650 |
_aNature conservation _913745 |
||
| 650 |
_aEnvironmental education _98753 |
||
| 942 |
_2ddc _cBK _04 |
||